|
|
|
|
| LEADER |
03616nam a22005775i 4500 |
| 001 |
978-3-540-46235-4 |
| 003 |
DE-He213 |
| 005 |
20151204181840.0 |
| 007 |
cr nn 008mamaa |
| 008 |
101223s2006 gw | s |||| 0|eng d |
| 020 |
|
|
|a 9783540462354
|9 978-3-540-46235-4
|
| 024 |
7 |
|
|a 10.1007/11877028
|2 doi
|
| 040 |
|
|
|d GrThAP
|
| 050 |
|
4 |
|a QA76.758
|
| 072 |
|
7 |
|a UMZ
|2 bicssc
|
| 072 |
|
7 |
|a UL
|2 bicssc
|
| 072 |
|
7 |
|a COM051230
|2 bisacsh
|
| 082 |
0 |
4 |
|a 005.1
|2 23
|
| 245 |
1 |
0 |
|a Generative and Transformational Techniques in Software Engineering
|h [electronic resource] :
|b International Summer School, GTTSE 2005, Braga, Portugal, July 4-8, 2005. Revised Papers /
|c edited by Ralf Lämmel, João Saraiva, Joost Visser.
|
| 264 |
|
1 |
|a Berlin, Heidelberg :
|b Springer Berlin Heidelberg,
|c 2006.
|
| 300 |
|
|
|a X, 474 p.
|b online resource.
|
| 336 |
|
|
|a text
|b txt
|2 rdacontent
|
| 337 |
|
|
|a computer
|b c
|2 rdamedia
|
| 338 |
|
|
|a online resource
|b cr
|2 rdacarrier
|
| 347 |
|
|
|a text file
|b PDF
|2 rda
|
| 490 |
1 |
|
|a Lecture Notes in Computer Science,
|x 0302-9743 ;
|v 4143
|
| 505 |
0 |
|
|a Tutorials -- A Tutorial on Feature Oriented Programming and the AHEAD Tool Suite -- Model Driven Engineering: An Emerging Technical Space -- Program Transformation with Reflection and Aspect-Oriented Programming -- The Transformational Approach to Database Engineering -- Program Optimizations and Transformations in Calculation Form -- Mappings Make Data Processing Go ’Round -- On the Use of Graph Transformations for Model Refactoring -- Technology Presentations -- Forms2Net – Migrating Oracle Forms to Microsoft .NET -- Applications of the Asf+Sdf Meta-Environment -- MetaBorg in Action: Examples of Domain-Specific Language Embedding and Assimilation Using Stratego/XT -- Agile Parsing to Transform Web Applications -- Data Cleaning and Transformation Using the AJAX Framework -- Developing Tools with Fujaba XProM -- The COMPOST, COMPASS, Inject/J and RECODER Tool Suite for Invasive Software Composition: Invasive Composition with COMPASS Aspect-Oriented Connectors -- Program Transformation Using HATS 1.84 -- Participants’ Contributions -- Using Java CSP Solvers in the Automated Analyses of Feature Models -- Co-transformations in Database Applications Evolution -- Modular Name Analysis for Java Using JastAdd -- Techniques for Lightweight Generator Refactoring -- E-CARES Project: Reengineering of Telecommunication Systems -- A Feature Composition Problem and a Solution Based on C++ Template Metaprogramming.
|
| 650 |
|
0 |
|a Computer science.
|
| 650 |
|
0 |
|a Software engineering.
|
| 650 |
|
0 |
|a Computer programming.
|
| 650 |
|
0 |
|a Programming languages (Electronic computers).
|
| 650 |
|
0 |
|a Application software.
|
| 650 |
|
0 |
|a Management information systems.
|
| 650 |
1 |
4 |
|a Computer Science.
|
| 650 |
2 |
4 |
|a Software Engineering/Programming and Operating Systems.
|
| 650 |
2 |
4 |
|a Software Engineering.
|
| 650 |
2 |
4 |
|a Programming Techniques.
|
| 650 |
2 |
4 |
|a Programming Languages, Compilers, Interpreters.
|
| 650 |
2 |
4 |
|a Management of Computing and Information Systems.
|
| 650 |
2 |
4 |
|a Computer Appl. in Administrative Data Processing.
|
| 700 |
1 |
|
|a Lämmel, Ralf.
|e editor.
|
| 700 |
1 |
|
|a Saraiva, João.
|e editor.
|
| 700 |
1 |
|
|a Visser, Joost.
|e editor.
|
| 710 |
2 |
|
|a SpringerLink (Online service)
|
| 773 |
0 |
|
|t Springer eBooks
|
| 776 |
0 |
8 |
|i Printed edition:
|z 9783540457787
|
| 830 |
|
0 |
|a Lecture Notes in Computer Science,
|x 0302-9743 ;
|v 4143
|
| 856 |
4 |
0 |
|u http://dx.doi.org/10.1007/11877028
|z Full Text via HEAL-Link
|
| 912 |
|
|
|a ZDB-2-SCS
|
| 912 |
|
|
|a ZDB-2-LNC
|
| 950 |
|
|
|a Computer Science (Springer-11645)
|